キヤノン発・「共生」経営のすべて : さらば!利益至上主義--摩擦なきグローバル企業への挑戦

Uloženo v:
Podrobná bibliografie
Hlavní autor: 岩淵明男(いわぶち あきお)
Médium: Kniha
Jazyk:Undetermined
Vydáno: 東京 こう書房 1992
Témata:
Tagy: Přidat tag
Žádné tagy, Buďte první, kdo otaguje tento záznam!
Thư viện lưu trữ: Trung tâm Học liệu Trường Đại học Cần Thơ
LEADER 00669nam a2200217Ia 4500
001 CTU_94646
008 210402s9999 xx 000 0 und d
082 |a 338.8 
082 |b I.97 
100 |a 岩淵明男(いわぶち あきお) 
245 0 |a キヤノン発・「共生」経営のすべて : 
245 0 |b さらば!利益至上主義--摩擦なきグローバル企業への挑戦 
245 0 |c 岩淵明男 
260 |a 東京 
260 |b こう書房 
260 |c 1992 
650 |a Corporations,Corporations 
650 |x Canon 
650 |z Japan 
904 |i Ngoc 
980 |a Trung tâm Học liệu Trường Đại học Cần Thơ